000 01360nam a22003134a 4500
001 ebr10084820
003 CaPaEBR
006 m u
007 cr cn|||||||||
008 011002s2002 enka sb 001 0 eng
020 _z0195141989 (acid-free paper)
040 _aCaPaEBR
_cCaPaEBR
035 _a(OCoLC)559846760
050 1 4 _aMT820
_b.M129 2002eb
082 0 4 _a782/.009/04
_221
100 1 _aMabry, Sharon.
245 1 0 _aExploring twentieth-century vocal music
_h[electronic resource] :
_ba practical guide to innovations in performance and repertoire /
_cSharon Mabry.
246 3 _aExploring 20th-century vocal music
260 _aOxford ;
_aNew York :
_bOxford University Press,
_c2002.
300 _axii, 192 p. :
_bill.
504 _aIncludes bibliographical references (p. [187]-188) and index.
533 _aElectronic reproduction.
_bPalo Alto, Calif. :
_cebrary,
_d2013.
_nAvailable via World Wide Web.
_nAccess may be limited to ebrary affiliated libraries.
650 0 _aSinging
_xInstruction and study.
650 0 _aVocal music
_y20th century
_xInstruction and study.
650 0 _aVocal music
_y20th century
_vBibliography.
655 7 _aElectronic books.
_2local
710 2 _aebrary, Inc.
856 4 0 _uhttp://site.ebrary.com/lib/rucke/Doc?id=10084820
_zAn electronic book accessible through the World Wide Web; click to view
999 _c66240
_d66240